| 000 | 00990nam a22002297a 4500 | ||
|---|---|---|---|
| 005 | 20130927111936.0 | ||
| 010 | _aB-515428-462 B-523505-507 | ||
| 020 |
_a9789350850732 _c225.00 |
||
| 035 | _aB-515428-462 B-523505-507 | ||
| 037 | _bUBH/Ven. | ||
| 082 | _aS | ||
| 245 |
_aThe fearless boy and other Buddhist stories / _cedited by Anant Pai; illustrated by Souren Roy |
||
| 260 |
_aMumbai _bAmar Chitra Katha _c2012 |
||
| 270 |
_aKrishna House, 3rd Floor, Raghuvanshi Mill Compound, S.B. Marg, Lower Parel (W) _bMumbai _e400013 |
||
| 300 |
_aVol.1037, various pages : _c24cm(Hb) _bcol.ill. |
||
| 500 | _a5-in-1 | ||
| 505 | _aThe Fearless boy, The Cowherd of Alawi, The True Conqueror, The Lost Prince, The Making of a Swordsman. | ||
| 700 | _aPai, Anant | ||
| 942 |
_2ddc _cEN _mFEA _hS |
||
| 999 |
_c79092 _d79092 |
||